000
00336nam a2200145 4500
008
190524s1970||||xo d
245
1
0
_a
Labyrint sveta a ráj srdce
260
_b
Odeon
_a
Praha
_c
1970
100
1
_a
Komenský Ján Amos
_9
1155
250
_a
1.vydanie
020
_c
0
041
1
_a
slo
044
_a
xo
_c
SK
958
_a
AUL
999
_c
22458
_d
22458